| 000 | 01624nam a2200229Ia 4500 | ||
|---|---|---|---|
| 000 | 02419naaa 00433uu | ||
| 001 | https://directory.doabooks.org/handle/20.500.12854/27688 | ||
| 008 | 211013s9999 xx 000 0 und d | ||
| 020 | _a9783946234876 | ||
| 024 | _a10.5281/zenodo.439004 | ||
| 042 | _adc | ||
| 245 | 0 | _aTone in Yongning Na: Lexical tones and morphotonology | |
| 260 |
_bLanguage Science Press _c2017 |
||
| 300 | _a1 electronic resource (573 p.) | ||
| 520 | _aYongning Na, also known as Mosuo, is a Sino-Tibetan language spoken in Southwest China. This book provides a description and analysis of its tone system, progressing from lexical tones towards morphotonology. Tonal changes permeate numerous aspects of the morphosyntax of Yongning Na. They are not the product of a small set of phonological rules, but of a host of rules that are restricted to specific morphosyntactic contexts. Rich morphotonological systems have been reported in this area of Sino-Tibetan, but book-length descriptions remain few. This study of an endangered language contributes to a better understanding of the diversity of prosodic systems in East Asia. The analysis is based on original fieldwork data (made available online), collected over the course of ten years, commencing in 2006. | ||
| 540 | _aCreative Commons | ||
| 653 | _adiversity of porsodic systems | ||
| 700 | 1 | _aMichaud, Alexis | |
| 856 |
_uhttps://docs.google.com/spreadsheets/d/1yKIrdCPDAG_9c22mwoOIO2DOhtj65Wqa/edit?usp=sharing&ouid=106555315294820607512&rtpof=true&sd=true _yList of Curated E-Books |
||
| 942 | _cE-BOOK | ||
| 999 |
_c54208 _d54208 |
||